Southville International School and Colleges
Your cart is empty.
  • Cart
  • Lists
    Public lists Eva Luna New books Lux_list list_1
    Your lists Log in to create your own lists
  • Log in to your account
  • Your cookies
  • Search history
Southville International School and Colleges
  • Advanced search
  • Recent comments
  • Most popular
  • Libraries

Log in to your account

Log in with GOOGLE


If you do not have an external account, but do have a local account, you can still log in:

  1. Home
  2. MARC view: Hand, hand, fingers, thumb /
Normal view MARC view ISBD view

Hand, hand, fingers, thumb / (Record no. 113521)

[ view plain ]
MARC details
000 -LEADER
fixed length control field 00674nam a2200205 a 4500
001 - CONTROL NUMBER
control field 1882
005 - DATE AND TIME OF LATEST TRANSACTION
control field 20140414132024.0
008 - FIXED-LENGTH DATA ELEMENTS--GENERAL INFORMATION
fixed length control field 020311s19uu xx 00 eng d
020 ## - INTERNATIONAL STANDARD BOOK NUMBER
International Standard Book Number 0-00-171205-5
050 ## - LIBRARY OF CONGRESS CALL NUMBER
Classification number TR
Item number H19 1969
100 ## - MAIN ENTRY--PERSONAL NAME
Personal name Perkins, Al
245 ## - TITLE STATEMENT
Title Hand, hand, fingers, thumb /
Statement of responsibility, etc by Al Perkins ; illustrated by Eric Gurney.
260 ## - PUBLICATION, DISTRIBUTION, ETC. (IMPRINT)
Place of publication, distribution, etc New York :
Name of publisher, distributor, etc Random House,
Date of publication, distribution, etc 1969.
300 ## - PHYSICAL DESCRIPTION
Extent 1 v. p. : ill. ; cm.
440 ## - SERIES STATEMENT/ADDED ENTRY--TITLE
Title Beginner Books for Beginning Beginners.
520 ## - SUMMARY, ETC.
Summary, etc Easy-to-read rhyming text describes what can be done on a drum with hand, fingers, and thumb.
650 ## - SUBJECT ADDED ENTRY--TOPICAL TERM
Topical term or geographic name as entry element Stories in rhyme.
650 ## - SUBJECT ADDED ENTRY--TOPICAL TERM
Topical term or geographic name as entry element Hands
General subdivision Fiction.
Holdings
Withdrawn status Lost status Damaged status Home library Current library Shelving location Date acquired Source of acquisition Cost, normal purchase price Total Checkouts Full call number Barcode Date last seen Price effective from Koha item type
      Munich Library Munich Library Teachers Reference Section 12/29/2004   205.90   TR H19 1969 M5101 04/14/2014 04/14/2014 Books

Hand, hand, fingers, thumb /

APA

Perkins A., . (1969). Hand, hand, fingers, thumb. New York: Random House.

Chicago

Perkins Al, . 1969. Hand, hand, fingers, thumb. New York: Random House.

Harvard

Perkins A., . (1969). Hand, hand, fingers, thumb. New York: Random House.

MLA

Perkins Al, . Hand, hand, fingers, thumb. New York: Random House. 1969.

  • Place hold
  • Print
  • Cite
  • Add to your cart (remove)
  • Save record
    BIBTEX Dublin Core MARCXML MARC (non-Unicode/MARC-8) MARC (Unicode/UTF-8) MARC (Unicode/UTF-8, Standard) MODS (XML) RIS
  • More searches
    Search for this title in:
    Other Libraries (WorldCat) Other Databases (Google Scholar) Online Stores (Bookfinder.com) Open Library (openlibrary.org)

Exporting to Dublin Core...

SOUTHVILLE LIBRARY

Southville International School and Colleges Library

1281 Tropical Ave. Cor. Luxembourg St., BF Homes International, Las Pinas City

Tel. No. 8256374 / 252358 Loc. 117/146

Powered by Koha